| 000 | 00359nam a2200145Ia 4500 | ||
|---|---|---|---|
| 008 | 220216s9999 xx 000 0 und d | ||
| 100 | _aBarnwell T H | ||
| 245 | 0 | _aLatex skim ; The dunlop process | |
| 260 |
_bPlanters Bulletin _c1957 |
||
| 300 | _a108-110 | ||
| 650 | _aDeproteinisation | ||
| 650 | _aDunlop process | ||
| 650 | _aLatex skim | ||
| 942 | _cJS | ||
| 999 |
_c62080 _d62080 |
||